00223nam a2200097Ia 4500008004100000100000900041245002500050260002600075942000700101999001700108190216s9999||||xx |||||||||||||| ||und|| aNull 0aHindi-Aade Kahaniyam bPoorna Pubs Kozhikode cBK c16961d16961